Представление документа в формате RUSMARC

ПолеНазваниеЗначение
  Тип записи a
  Библиографический уровень m
001 Контрольный номер RU/SLIB/B/208749727
005 Дата корректировки 20250109143831.3
010 Индекс ISBN __
d Цена 0-95
101 Язык документа 0_
a Язык текста rus
c Язык оригинала rus
200 Заглавие и сведения об ответственности 1_
a Заглавие Основы техники дирижирования
f Первые сведения об ответственности Колесса Н. Ф.
b Общее обозначение материала Текст
210 Выходные данные 1_
a Место издания Киев
c Издательство Музична Украiна
d Дата издания 1981
215 Физическое описание __
a Объем 208 с.
606 Тематические рубрики __
a Основная рубрика Музыка и зрелищные искусства
606 Тематические рубрики __
a Основная рубрика Инструментальная музыка
610 Ключевые слова 0_
a Ключевые слова дирижирование; музыкальные произведения; дирижеры
686 Индексы других классификаций __
a Классификационный индекс 85.315
700 Автор _1
a Фамилия Колесса
b Имя Н. Ф.
4 Код отношения 070
801 Источник записи _0
a Страна RU
b Организация Муниципальное бюджетное учреждение культуры "Централизованная библиотечная система" г. Сургут (Центральная городская библиотека им. А. С. Пушкина)
g Правила каталогизации КиК/Уланова
801 Источник записи _1
a Страна RU
b Организация Муниципальное бюджетное учреждение культуры "Централизованная библиотечная система" г. Сургут (Центральная городская библиотека им. А. С. Пушкина)
g Правила каталогизации КиК/Уланова
852 Данные о местонахождении __
j Шифр хранения 85.315
c Каталожный индекс 85.315
i Авторский знак К 60
p Инвентарный номер 10809
901 Тип документа __
t Тип документа m
990 Данные о заказе (DOS) __
j Количество экземпляров (DOS) 1
t N записи в КСУ для И/У (DOS) 199101